000 00364nam a2200145Ia 4500
008 230312s9999||||xx |||||||||||||| ||und||
020 _a9781119517979
082 _a005.5
_bWEM-O
100 _aWeverka,Peter
245 0 _aOffice 2016 all-in-one for dummies
260 _bWiley
_aUSA
_c2019
300 _a332
650 _aComputer
_vComputer Programs
942 _cBK
999 _c17500
_d17500